| 000 | 00693nam a22002297a 4500 | ||
|---|---|---|---|
| 999 |
_c20885 _d20885 |
||
| 003 | AR-CdUCM | ||
| 008 | 190402b ||||| |||| 00| 0 spa d | ||
| 040 |
_aMUNICIPALIDAD PROVINCIAL DEL CUSCO _cBIBLIOTECA MUNICIPAL DEL CUSCO |
||
| 082 |
_aEP / 372.64 / _bAN61 |
||
| 100 |
_aAngelino, Serafino _943589 |
||
| 245 | _aLa vacaciones de un ángel / | ||
| 260 |
_bValles, _aBarcelona : _c1968. |
||
| 300 |
_bIlustraciones, _c34 cm. _a17 páginas ; |
||
| 505 | _aContenido : cuentos. | ||
| 650 |
_aLiteratura infantil _9588 |
||
| 650 |
_aCuento _94671 |
||
| 650 |
_aTexto _9816 |
||
| 650 |
_aDibujos _92628 |
||
| 700 |
_aBeaumont (ilustración) _943590 |
||
| 942 |
_2ddc _cLIBROS |
||
| 945 | _arcc | ||